Manual de ciencia política / (Registro nro. 7167)

Detalles MARC
000 -LEADER
fixed length control field 01848cam a2200385 a 4500
003 - CONTROL NUMBER IDENTIFIER
control field OSt
005 - DATE AND TIME OF LATEST TRANSACTION
control field 20210211145521.0
008 - FIXED-LENGTH DATA ELEMENTS--GENERAL INFORMATION
fixed length control field 051101t 2005ck rf 001 0 spa d
020 ## - INTERNATIONAL STANDARD BOOK NUMBER
International Standard Book Number 9583505323
040 ## - CATALOGING SOURCE
Original cataloging agency CO-BoPUJ
Transcribing agency CO-JMCR
041 0# - LANGUAGE CODE
Language code of text/sound track or separate title spa
082 04 - DEWEY DECIMAL CLASSIFICATION NUMBER
Classification number 320.01 /
Item number G182m
Edition number 23
100 1# - MAIN ENTRY--PERSONAL NAME
Personal name Galvis Gaitán, Fernando Augusto
Relator term autor
9 (RLIN) 13342
245 10 - TITLE STATEMENT
Title Manual de ciencia política /
Statement of responsibility, etc. Fernando Augusto Galvis Gaitán
260 ## - PUBLICATION, DISTRIBUTION, ETC.
Place of publication, distribution, etc. Bogotá :
Name of publisher, distributor, etc. Temis,
Date of publication, distribution, etc. 2005
300 ## - PHYSICAL DESCRIPTION
Extent xiv, 354 páginas
Dimensions 22 cm.
504 ## - BIBLIOGRAPHY, ETC. NOTE
Bibliography, etc. note bibliografía : páginas 343-354.
505 ## - FORMATTED CONTENTS NOTE
Formatted contents note Negociaciones generales -- El poder -- El estado -- El sistema político -- El imperialismo -- La democracia -- La revolución -- Desarrollo y subdesarrollo político -- Las fuerzas políticas -- La dinámica política - Los regímenes políticos -- Relaciones internacionales -- Doctrinas políticas
590 ## - LOCAL NOTE (RLIN)
Local note Ejemplar con dedicatoria y autografiado por el autor.
590 ## - LOCAL NOTE (RLIN)
Local note Ejemplar con dedicatoria y autografiado por el autor.
650 24 - SUBJECT ADDED ENTRY--TOPICAL TERM
Topical term or geographic name entry element Filosofía política
Form subdivision Manuales
9 (RLIN) 13343
650 24 - SUBJECT ADDED ENTRY--TOPICAL TERM
Topical term or geographic name entry element Doctrinas políticas
Form subdivision Manuales
9 (RLIN) 13344
650 24 - SUBJECT ADDED ENTRY--TOPICAL TERM
Topical term or geographic name entry element Relaciones internacionales
Form subdivision Manuales
9 (RLIN) 13345
650 24 - SUBJECT ADDED ENTRY--TOPICAL TERM
Topical term or geographic name entry element Desarrollo político
Form subdivision Manuales
9 (RLIN) 13346
650 24 - SUBJECT ADDED ENTRY--TOPICAL TERM
Topical term or geographic name entry element Ciencia política
9 (RLIN) 13347
650 24 - SUBJECT ADDED ENTRY--TOPICAL TERM
Topical term or geographic name entry element Democracia
Form subdivision Manuales
9 (RLIN) 13348
650 24 - SUBJECT ADDED ENTRY--TOPICAL TERM
Topical term or geographic name entry element Imperialismo
Form subdivision Manuales
9 (RLIN) 13349
650 24 - SUBJECT ADDED ENTRY--TOPICAL TERM
Topical term or geographic name entry element Sistemas políticos
Form subdivision Manuales
9 (RLIN) 13350
650 24 - SUBJECT ADDED ENTRY--TOPICAL TERM
Topical term or geographic name entry element Estado
Form subdivision Manuales
9 (RLIN) 13351
650 24 - SUBJECT ADDED ENTRY--TOPICAL TERM
Topical term or geographic name entry element Poder político
Form subdivision Manuales
9 (RLIN) 13352
650 24 - SUBJECT ADDED ENTRY--TOPICAL TERM
Topical term or geographic name entry element Poder (Ciencias sociales)
Form subdivision Manuales
9 (RLIN) 13353
856 40 - ELECTRONIC LOCATION AND ACCESS
Public note Para consultar la tabla de contenido presione aquí.
Uniform Resource Identifier <a href="http://www.javeriana.edu.co/biblos/Libros/manualcpolitica.pdf">http://www.javeriana.edu.co/biblos/Libros/manualcpolitica.pdf</a>
856 40 - ELECTRONIC LOCATION AND ACCESS
Public note Para consultar la tabla de contenido presione aquí.
Uniform Resource Identifier <a href="http://www.javeriana.edu.co/biblos/Libros/manualcpolitica.pdf">http://www.javeriana.edu.co/biblos/Libros/manualcpolitica.pdf</a>
942 ## - ADDED ENTRY ELEMENTS (KOHA)
Source of classification or shelving scheme Dewey Decimal Classification
Koha item type Books
Existencias
Withdrawn status Lost status Source of classification or shelving scheme Damaged status Not for loan Home library Current library Shelving location Date acquired Source of acquisition Total Checkouts Full call number Barcode Date last seen Copy number Price effective from Koha item type
    Dewey Decimal Classification     Biblioteca Pública José María del Castillo y Rada Biblioteca Pública José María del Castillo y Rada General Stacks 10/02/2020 Donación   320.01 / G182m 201810417 05/16/2024 Ej.1 10/02/2020 Books